| 000 | 00413nam a22001217a 4500 | ||
|---|---|---|---|
| 003 | OSt | ||
| 082 | _a630 | ||
| 088 | _aP550 | ||
| 100 |
_aMEGHA, P _a PRAVITHA, P. _aNAIR RITHUVARNYA, N. K _aSURAJ, K. S _95339 |
||
| 245 | _aDESIGN AND DEVELOPMENT OF A SELF- PROPELLED THREE ROW VERTICAL AXIS ROTARY PADDY WEEDER | ||
| 260 |
_aThavanur _KKelappaji College of Agricultural Engineering and Technology _c2022 |
||
| 942 | _cPR | ||
| 999 |
_c17598 _d17598 |
||